000 00682nam a22002177a 4500
003 UA-OsUOA
001 83017
007 ta
008 20120327b un ||||| |||| 00| 0 ukr d
100 _aЖитарюк І.В.
090 _a94(477)
_bЖ74
942 _cSA
040 _aUA-OsUOA
_bukr
_cUA-OsUOA
_dUA-OsUOA
245 _aСистема освтіи Буковини та Хотинщини за часів їх перебування у складі королівської Румунії (1918-1940)
300 _aС.33-42
955 _a0
041 _aukr
080 _a94(477)
773 0 _w83011
650 7 _a9 Географія. Біографії. Історія
_2UDC
999 _c369354
_d369354